[Event "Bundesliga 1989/90 (2nd)"]
[Site "masterchessopen.com Germany"]
[Round "0"]
[White "Schuh Hubert (GER)"]
[Black "Stelzer Harald (GER)"]
[Result "1-0"]
[WhiteElo "2292"]
[BlackElo "2272"]

1.Nf3 Nf6 2.c4 e6 3.d4 Bb4+ 4.Bd2 Bxd2+ 5.Qxd2 d5 6.Nc3 b6 7.e3 Bb7 8.cxd5
Nxd5 9.Bb5+ c6 10.Bd3 Nd7 11.Ne4 N7f6 12.Ne5 O-O 13.Rc1 Rc8 14.O-O Qe7 15.a3
Rfd8 16.Ng5 Rf8 17.e4 Nc7 18.Nxc6 Qd7 19.Nxa7 Ra8 20.e5 Rxa7 21.exf6 g6
22.Rxc7 {#r} 1-0

[Event "It (open)"]
[Site "masterchessopen.com Groningen (Netherlands)"]
[Round "2"]
[White "De Boer Gert-Jan (NED)"]
[Black "Meyer Ingo (GER)"]
[Result "1-0"]
[WhiteElo "2430"]
[BlackElo "2211"]

1.d4 Nf6 2.Nf3 e6 3.c4 Bb4+ 4.Bd2 Qe7 5.g3 Ne4 6.Bg2 O-O 7.O-O Nxd2 8.Nbxd2 d6
9.Nb3 Nc6 10.a3 Ba5 11.d5 {#r} 1-0

[Event "It (open)"]
[Site "masterchessopen.com Naleczow (Poland)"]
[Round "0"]
[White "Sygulski Boguslaw (POL)"]
[Black "Jamroz Zbigniew (POL)"]
[Result "1-0"]
[WhiteElo "2239"]
[BlackElo "2179"]

1.d4 Nf6 2.Nf3 e6 3.c4 Bb4+ 4.Bd2 Qe7 5.g3 Nc6 6.Bg2 Bxd2+ 7.Nbxd2 d6 8.O-O a5
9.e4 e5 10.d5 Nb8 11.Ne1 h5 12.f4 Ng4 13.Qe2 Nd7 14.Nd3 Nc5 15.Nxc5 dxc5
16.Nf3 exf4 17.gxf4 h4 18.h3 Nf6 19.Rae1 Nh5 20.Qe3 Ra6 {#r} 1-0

[Event "It (cat.9)"]
[Site "masterchessopen.com Reykjavik (Iceland)"]
[Round "11"]
[White "Stefansson Hannes (ISL)"]
[Black "Arnason Jon L (ISL)"]
[Result "0-1"]
[WhiteElo "2480"]
[BlackElo "2520"]

1.d4 Nf6 2.c4 e6 3.Nf3 Bb4+ 4.Bd2 c5 5.g3 Qb6 6.Bxb4 Qxb4+ 7.Qd2 Qxc4 8.Na3
Qa4 9.Rc1 Ne4 10.Qd3 Qb4+ 11.Nd2 Qxb2 12.Rc2 Qa1+ 13.Ndb1 d5 14.f3 c4 15.Qe3
Nd6 16.Qf4 Nb5 17.Rc1 Nxa3 18.Nxa3 Qb2 19.Qe3 Nc6 20.Nc2 {#R} 0-1

[Event "It"]
[Site "masterchessopen.com Sagua la Grande (Cuba)"]
[Round "1"]
[White "Armas Jorge (CUB)"]
[Black "Arencibia Juan Joel (CUB)"]
[Result "1-0"]
[WhiteElo "2381"]
[BlackElo "2405"]

1.d4 Nf6 2.c4 e6 3.Nf3 Bb4+ 4.Bd2 c5 5.Bxb4 cxb4 6.g3 O-O 7.Bg2 d6 8.Nbd2 Nc6
9.Nf1 Ng4 10.h3 Nh6 11.Ne3 f5 12.d5 f4 13.gxf4 Na5 14.dxe6 Nc6 15.Qd5 Ne7
16.Qe4 {#r} 1-0

[Event "It (open)"]
[Site "masterchessopen.com St. Ingbert (Germany)"]
[Round "3"]
[White "Kolb Hans-Martin (GER)"]
[Black "Ruzele Darius (LTU)"]
[Result "1-0"]
[WhiteElo "2218"]
[BlackElo "2531"]

1.d4 Nf6 2.c4 e6 3.Nf3 Bb4+ 4.Nbd2 d5 5.Qa4+ Nc6 6.Ne5 Bd7 7.Nxc6 Bxd2+ 8.Bxd2
Bxc6 9.Qc2 O-O 10.f3 Re8 11.cxd5 exd5 12.e3 Qd7 13.Rc1 Rac8 14.Bd3 Bb5 15.Bf5
Qe7 16.Bxc8 Rxc8 17.Kf2 c6 18.Rhe1 Nh5 19.Qf5 Qh4+ 20.Kg1 Rd8 21.Red1 h6
22.Be1 {#r} 1-0

[Event "It (open)"]
[Site "masterchessopen.com Uzes (France)"]
[Round "0"]
[White "Veysseyre Didier (FRA)"]
[Black "Rate Bruno (FRA)"]
[Result "1-0"]
[WhiteElo "2119"]
[BlackElo "2096"]

1.d4 Nf6 2.c4 e6 3.Nf3 Bb4+ 4.Bd2 c5 5.Bxb4 cxb4 6.Nbd2 d5 7.e3 Nc6 8.cxd5
Qxd5 9.Bc4 Qh5 10.O-O b5 11.Be2 Bb7 12.Ne5 Qf5 13.Bxb5 Rc8 14.Rc1 {#r} 1-0

[Event "It (open)"]
[Site "masterchessopen.com Baden-Baden (Germany)"]
[Round "0"]
[White "Epishin Vladimir (GER)"]
[Black "Schmitt Christian (GER)"]
[Result "1-0"]
[WhiteElo "2590"]
[BlackElo "2183"]

1.d4 Nf6 2.c4 e6 3.Nf3 Bb4+ 4.Nbd2 O-O 5.a3 Be7 6.e4 d5 7.Qc2 dxe4 8.Nxe4 Nxe4
9.Qxe4 Nd7 10.Bd3 Nf6 11.Qe2 c5 12.dxc5 Bxc5 13.b4 Be7 14.Bb2 Bd7 15.Rd1 Qc8
16.Qc2 h6 17.Ne5 Bc6 18.f4 Bxg2 19.Rg1 Bc6 20.Qc1 Kh8 21.Ke2 {#r} 1-0

[Event "Ch Guatemala (mayor)"]
[Site "masterchessopen.com Guatemala City (Guatemala)"]
[Round "0"]
[White "Mejia Godinez Nery Amilear (GUA)"]
[Black "Deras Diaz Gonzalo (GUA)"]
[Result "0-1"]
[WhiteElo "2225"]
[BlackElo "2165"]

1.d4 Nf6 2.c4 e6 3.Nf3 Bb4+ 4.Bd2 a5 5.e3 O-O 6.Bd3 d6 7.Nc3 Qe7 8.O-O e5
9.Ne1 e4 10.Be2 Nc6 11.Nc2 Bxc3 12.Bxc3 d5 13.a3 Be6 14.b3 {#R} 0-1

[Event "Ch Club"]
[Site "masterchessopen.com Helsinki (Finland)"]
[Round "5"]
[White "Lukacs Peter (HUN)"]
[Black "Turunen Erkki O (FIN)"]
[Result "1-0"]
[WhiteElo "2404"]
[BlackElo "2245"]

1.d4 Nf6 2.c4 e6 3.Nf3 Bb4+ 4.Bd2 Qe7 5.g3 Nc6 6.Nc3 d5 7.a3 Bxc3 8.Bxc3 dxc4
9.Qa4 O-O 10.Bg2 e5 11.Nxe5 Nxe5 12.dxe5 Ng4 13.Qxc4 Nxe5 14.Qd4 f6 15.Bb4 Rd8
16.Bd5+ Rxd5 17.Qxd5+ Be6 18.Qxb7 Qe8 19.O-O c5 20.Bc3 Nc6 21.Qb5 c4 22.Rfd1
a6 23.Qc5 Rc8 24.Rd6 {#r} 1-0

[Event "It (open)"]
[Site "masterchessopen.com La Coruna (Spain)"]
[Round "1"]
[White "Garcia Trobat Francisco (ESP)"]
[Black "Suarez Damian (ARG)"]
[Result "1-0"]
[WhiteElo "2291"]
[BlackElo "2240"]

1.d4 Nf6 2.Nf3 e6 3.c4 Bb4+ 4.Nbd2 c5 5.a3 Bxd2+ 6.Qxd2 cxd4 7.Qxd4 Nc6 8.Qc3
O-O 9.Qc2 d5 10.e3 Ne7 11.cxd5 Qxd5 12.Bc4 Qc6 13.Qe2 a6 14.a4 b6 15.O-O Bb7
16.b3 Ng6 17.Bb2 Ng4 18.Rfc1 Qe4 19.Bd3 Qd5 20.Rc7 Rfc8 21.Bc4 Qe4 22.Rxf7
N4e5 23.Rxb7 {#r} 1-0

[Event "Ch Denmark (qual)"]
[Site "masterchessopen.com Randers (Denmark)"]
[Round "0"]
[White "Antonsen Mikkel (DEN)"]
[Black "Hjorth Torben (DEN)"]
[Result "1-0"]
[WhiteElo "2457"]
[BlackElo "2150"]

1.d4 Nf6 2.Nf3 e6 3.c4 Bb4+ 4.Bd2 a5 5.g3 d5 6.Qc2 Nc6 7.Bg2 O-O 8.O-O Ne4
9.Bf4 Be7 10.Nc3 Nxc3 11.Qxc3 Bf6 12.Rad1 Ne7 13.Ne5 Ra6 14.Ng4 Rc6 15.c5 b6
16.Nxf6+ gxf6 17.e4 Ba6 18.Rfe1 Qd7 19.Bh6 Rd8 20.Qf3 dxe4 21.Qxf6 Nf5 22.Bxe4
Qe7 23.Qxe7 Nxe7 24.Bg5 {#r} 1-0

[Event "It (open)"]
[Site "masterchessopen.com Sevilla (Spain)"]
[Round "0"]
[White "Lopez Fernando (COL)"]
[Black "Makarichev Sergey (RUS)"]
[Result "0-1"]
[WhiteElo "2250"]
[BlackElo "2510"]

1.d4 Nf6 2.c4 e6 3.Nf3 Bb4+ 4.Bd2 a5 5.e3 O-O 6.Bd3 Bxd2+ 7.Nbxd2 d6 8.O-O Qe7
9.e4 e5 10.a3 Nh5 11.g3 g6 12.b4 Bg4 13.Qc2 Qf6 14.dxe5 dxe5 15.Nh4 Nc6 16.Qc3
Rfd8 17.Rfe1 Qd6 18.Re3 axb4 19.Qc2 Rxa3 20.Nb3 Nd4 {#R} 0-1

[Event "It (open)"]
[Site "masterchessopen.com Valencia (Spain)"]
[Round "0"]
[White "Garcia Luque Agustin (ESP)"]
[Black "Mompo Ballester Vicente (ESP)"]
[Result "1-0"]
[WhiteElo "2381"]
[BlackElo "2201"]

1.c4 Nf6 2.Nf3 e6 3.d4 Bb4+ 4.Bd2 c5 5.Bxb4 cxb4 6.Nbd2 O-O 7.e4 d6 8.Bd3 e5
9.O-O Nc6 10.d5 Na5 11.a3 bxa3 12.b4 Nd7 13.Rxa3 {#r} 1-0

[Event "Ch Pan-American"]
[Site "masterchessopen.com Bariloche (Argentina)"]
[Round "5"]
[White "Salguero Francisco (ARG)"]
[Black "Playa Marcelo (ARG)"]
[Result "0-1"]
[WhiteElo "2363"]
[BlackElo "2385"]

1.d4 e6 2.Nf3 Nf6 3.c4 Bb4+ 4.Bd2 Bxd2+ 5.Qxd2 d5 6.g3 O-O 7.Bg2 Qe7 8.O-O Rd8
9.Rc1 dxc4 10.Rxc4 c6 11.Qf4 Nd5 12.Qc1 Nd7 13.Nbd2 e5 14.dxe5 Nxe5 15.Nxe5
Qxe5 16.e4 Nb6 17.Rc5 Qe7 18.Nf1 Be6 19.a4 Rd4 20.a5 Nc4 21.Rh5 Rad8 22.a6 b5
23.b3 Rd1 24.Qc3 b4 {#R} 0-1

[Event "It (open)"]
[Site "masterchessopen.com Belgrade (Yugoslavia)"]
[Round "9"]
[White "Certic Branimir (SRB)"]
[Black "Vukanovic Sasa (SRB)"]
[Result "1-0"]
[WhiteElo "2400"]
[BlackElo "2339"]

1.d4 Nf6 2.c4 e6 3.Nf3 Bb4+ 4.Nbd2 b6 5.a3 Bxd2+ 6.Bxd2 Bb7 7.Bg5 d6 8.e3 Nbd7
9.Be2 h6 10.Bh4 Qe7 11.Qc2 g5 12.Bg3 h5 13.c5 bxc5 14.dxc5 Nxc5 15.Rc1 h4
16.Be5 g4 17.Ng5 dxe5 18.Qxc5 Qxc5 19.Rxc5 Bxg2 20.Rg1 h3 21.Rxc7 O-O 22.Ba6
Nd5 23.Rc4 g3 24.Nxh3 {#r} 1-0

[Event "It \"]
[Site "masterchessopen.com Budapest (Hungary)"]
[Round "10"]
[White "Gocheva Rumiana B (BUL)"]
[Black "Salus Stephane (FRA)"]
[Result "1-0"]
[WhiteElo "2152"]
[BlackElo "2151"]

1.d4 Nf6 2.c4 e6 3.Nf3 Bb4+ 4.Bd2 c5 5.Bxb4 cxb4 6.Nbd2 O-O 7.e4 d5 8.e5 Ne4
9.Bd3 Nxd2 10.Qxd2 Nc6 11.O-O Qe7 12.Rac1 Rd8 13.Qf4 h6 14.Rfe1 Bd7 15.cxd5
exd5 16.h4 Rdc8 17.Rc5 Qe6 18.Rec1 b6 19.Rxd5 Qxd5 20.Bc4 Nxd4 {#r} 1-0

[Event "It (open) \"]
[Site "masterchessopen.com Denmark"]
[Round "0"]
[White "Christensen Bent (DEN)"]
[Black "Bojsen Jesper (DEN)"]
[Result "1-0"]
[WhiteElo "2031"]
[BlackElo "2098"]

1.d4 Nf6 2.c4 e6 3.Nf3 Bb4+ 4.Nbd2 b6 5.a3 Bxd2+ 6.Bxd2 Bb7 7.Bg5 d6 8.e3 Nbd7
9.Bd3 c5 10.O-O O-O 11.Qe2 cxd4 12.exd4 d5 13.Ne5 dxc4 14.Bxc4 Qc7 15.Rac1 Qd6
16.Rfd1 Nd5 17.Bb5 Nb8 18.Nc4 Nc3 19.Nxd6 Nxe2+ 20.Bxe2 {#r} 1-0

[Event "Bundesliga 1990/91 (2nd)"]
[Site "masterchessopen.com Germany"]
[Round "0"]
[White "Federau Juergen (GER)"]
[Black "Buchenau Frank (GER)"]
[Result "1-0"]
[WhiteElo "2186"]
[BlackElo "2261"]

1.d4 Nf6 2.c4 e6 3.Nf3 Bb4+ 4.Bd2 Qe7 5.e3 O-O 6.Be2 Ne4 7.O-O Nxd2 8.Nbxd2 d6
9.Nb3 b6 10.a3 Ba5 11.Nxa5 bxa5 12.Qa4 f5 13.Qxa5 Rf6 14.c5 Nc6 15.Qa4 Bd7
16.cxd6 cxd6 17.Bb5 Nb8 18.Rac1 a6 19.Bxd7 Nxd7 20.Rc7 Rf7 21.Rfc1 Qd8 22.Qc6
Nc5 23.Rxf7 Rc8 24.Rd7 {#r} 1-0

[Event "It (open) \"]
[Site "masterchessopen.com Jyvaskyla (Finland)"]
[Round "2"]
[White "Golikov Anatolij (RUS)"]
[Black "Juurikas Arne"]
[Result "1-0"]
[WhiteElo "2415"]
[BlackElo "2050"]

1.d4 Nf6 2.c4 e6 3.Nf3 Bb4+ 4.Bd2 Qe7 5.g3 O-O 6.Bg2 Ne4 7.O-O Nxd2 8.Nbxd2
Bxd2 9.Qxd2 d6 10.e4 e5 11.d5 f5 12.exf5 Bxf5 13.Rae1 Qf6 14.Nh4 Bg4 15.f3 Bc8
16.f4 Qh6 17.Qe3 exf4 18.Rxf4 Rxf4 19.gxf4 Bd7 20.Qe7 Qf6 21.Qxf6 gxf6 22.Re7
Kf8 23.Rxh7 Kg8 24.Re7 {#r} 1-0

[Event "It (open)"]
[Site "masterchessopen.com Le Touquet (France)"]
[Round "1"]
[White "Solozhenkin Evgeniy (RUS)"]
[Black "Dietz Holger (GER)"]
[Result "1-0"]
[WhiteElo "2430"]
[BlackElo "2310"]

1.d4 e6 2.Nf3 Nf6 3.c4 Bb4+ 4.Nbd2 d5 5.Qa4+ Nc6 6.a3 Be7 7.e3 O-O 8.Bd3 Bd7
9.Qc2 Rc8 10.O-O Nb8 11.b4 Qe8 12.e4 Ba4 13.Qb1 dxc4 14.Nxc4 h6 15.Bf4 Bb5
16.Rc1 b6 17.Qb2 Nh5 18.Be3 Na6 19.Qe2 Nf6 20.Rab1 Nb8 21.Bf4 Nh5 22.Bd2 Nf6
23.e5 {#r} 1-0

[Event "It (cat.4)"]
[Site "masterchessopen.com Tel Aviv (Israel)"]
[Round "0"]
[White "Zak Uriel (ISR)"]
[Black "Liss Eran (ISR)"]
[Result "1-0"]
[WhiteElo "2272"]
[BlackElo "2470"]

1.d4 Nf6 2.Nf3 e6 3.c4 Bb4+ 4.Bd2 Qe7 5.g3 Nc6 6.Bg2 Bxd2+ 7.Nbxd2 d6 8.Nf1 e5
9.Ne3 Nxd4 10.Nxd4 exd4 11.Qxd4 Qe5 12.Rd1 Qa5+ 13.Kf1 O-O 14.a3 Rb8 15.h3 Be6
16.Nd5 Nd7 17.Be4 Kh8 18.Bxh7 Bxd5 19.Qh4 Nf6 20.Bc2+ Kg8 21.Rxd5 Qb6 22.Rg5
Qxb2 23.Qh6 {#r} 1-0

[Event "It (open)"]
[Site "masterchessopen.com Werfen (Austria)"]
[Round "0"]
[White "Ikonnikov Vyacheslav (RUS)"]
[Black "Holzbauer Johann (AUT)"]
[Result "1-0"]
[WhiteElo "2550"]
[BlackElo "2066"]

1.d4 Nf6 2.Nf3 e6 3.c4 Bb4+ 4.Nbd2 O-O 5.a3 Bxd2+ 6.Bxd2 Ne4 7.Bf4 b6 8.e3 Bb7
9.Qc2 d6 10.Bd3 f5 11.Rg1 Nd7 12.g4 Qe8 13.gxf5 exf5 14.O-O-O Qh5 15.Ng5 Rae8
16.f3 Nxg5 17.Rxg5 Qxf3 18.Rf1 Qh3 19.Rfg1 Re7 20.R1g3 Qh4 21.Qf2 Kh8 22.Qf1
Be4 23.Be2 Qxh2 24.Rh3 {#r} 1-0

[Event "It (juniors)"]
[Site "masterchessopen.com Yurmala (Latvia)"]
[Round "11"]
[White "Danielian Oganes (ARM)"]
[Black "Aleksandrov Aleksej (BLR)"]
[Result "0-1"]
[WhiteElo "2530"]
[BlackElo "2450"]

1.d4 Nf6 2.Nf3 e6 3.c4 Bb4+ 4.Nbd2 O-O 5.a3 Be7 6.e4 d5 7.e5 Nfd7 8.Bd3 c5
9.Qc2 h6 10.O-O Nc6 11.cxd5 exd5 12.Re1 a5 13.b3 cxd4 14.Bb2 Qb6 15.Nf1 Nc5
16.N1d2 Ne6 17.g3 Bd7 18.Bf5 Rac8 19.Qb1 Bc5 20.Qd3 Rfe8 21.Re2 Ne7 22.Bxe6
Bb5 {#R} 0-1

[Event "It (open)"]
[Site "masterchessopen.com Apolda (Germany)"]
[Round "2"]
[White "Polajzer Danilo (SLO)"]
[Black "Schikor Torsten (GER)"]
[Result "1-0"]
[WhiteElo "2293"]
[BlackElo "2091"]

1.Nf3 Nf6 2.c4 e6 3.d4 Bb4+ 4.Nbd2 d5 5.e3 O-O 6.a3 Be7 7.Bd3 c5 8.dxc5 Bxc5
9.O-O Re8 10.Qc2 e5 11.cxd5 Qxd5 12.Ne4 Nbd7 13.Nfg5 Rf8 14.Nxf6+ Nxf6 15.Nxh7
Nxh7 16.Bxh7+ Kh8 17.Be4 Qd6 18.Rd1 Qe7 19.Rd5 Bb6 20.Bd2 f5 21.Bb4 Qf6
22.Bxf8 Qxf8 23.Rxe5 {#r} 1-0

[Event "It (open)"]
[Site "masterchessopen.com Balatonbereny (Hungary)"]
[Round "0"]
[White "Marti Gyorgy (HUN)"]
[Black "Grabics Monika (HUN)"]
[Result "0-1"]
[WhiteElo "2159"]
[BlackElo "2336"]

1.d4 Nf6 2.c4 e6 3.Nf3 Bb4+ 4.Bd2 Qe7 5.g3 Nc6 6.Bg2 Bxd2+ 7.Nbxd2 d6 8.O-O
O-O 9.a3 a5 10.Qc2 e5 11.dxe5 dxe5 12.Rad1 e4 13.Ng5 Nd4 14.Qb1 Nxe2+ 15.Kh1
Bf5 16.Ngxe4 Rad8 17.Rfe1 Nd4 18.Qc1 c6 19.Qc3 b6 20.c5 bxc5 21.Nxc5 Qa7
22.Kg1 Bg4 {#R} 0-1

[Event "It (open)"]
[Site "masterchessopen.com Bozen (Italy)"]
[Round "0"]
[White "Schacher Gerd (ITA)"]
[Black "Kosten Anthony C (FRA)"]
[Result "0-1"]
[WhiteElo "2340"]
[BlackElo "2515"]

1.d4 Nf6 2.c4 e6 3.Nf3 Bb4+ 4.Bd2 a5 5.Qc2 d6 6.g3 Nc6 7.Nc3 O-O 8.Bg2 e5
9.dxe5 dxe5 10.Rd1 Qe7 11.Nd5 Nxd5 12.cxd5 Nd8 13.O-O Bd6 14.Bc3 f5 15.Nd2 b5
16.b3 a4 17.Bb4 Bd7 18.Bxd6 cxd6 19.e4 f4 20.b4 Nf7 21.h4 g5 22.hxg5 Nxg5
23.Nf3 Nxf3+ 24.Bxf3 Bh3 {#R} 0-1

[Event "Memorial Angel Rodrigues (open)"]
[Site "masterchessopen.com Candas (Spain)"]
[Round "0"]
[White "Fedorowicz John P (USA)"]
[Black "Gomez Jurado Luis Alberto (ESP)"]
[Result "1-0"]
[WhiteElo "2560"]
[BlackElo "2329"]

1.d4 Nf6 2.c4 e6 3.Nf3 Bb4+ 4.Bd2 c5 5.Bxb4 cxb4 6.g3 O-O 7.Bg2 d6 8.O-O Qe7
9.a3 bxa3 10.Rxa3 Nc6 11.Nc3 Nb4 12.Qd2 b6 13.Na4 Na6 14.Rfa1 Ne4 15.Qe3 f5
16.Nc3 Nxc3 17.Qxc3 Nb8 18.Ne1 {#r} 1-0

[Event "It (open) \"]
[Site "masterchessopen.com Cologne (Germany)"]
[Round "7"]
[White "Wisskirchen Andreas (GER)"]
[Black "Engels Marco (GER)"]
[Result "1-0"]
[WhiteElo "2233"]
[BlackElo "2131"]

1.d4 e6 2.c4 Nf6 3.Nf3 Bb4+ 4.Bd2 c5 5.Bxb4 cxb4 6.Nbd2 d6 7.g3 O-O 8.Bg2 Re8
9.O-O a5 10.Rc1 Na6 11.e4 e5 12.c5 exd4 13.cxd6 Bg4 14.Re1 Bxf3 15.Qxf3 Nd7
16.e5 Nac5 17.Nb3 Nxb3 18.axb3 Nxe5 19.Rxe5 Rxe5 20.Qxb7 Rb8 21.Qxb8 Qxb8
22.d7 Re8 23.dxe8=Q+ Qxe8 24.Bb7 {#r} 1-0

[Event "Ch World (juniors) (under 12)"]
[Site "masterchessopen.com Duisburg (Germany)"]
[Round "0"]
[White "Marxen Tobias (GER)"]
[Black "Berescu Alin (ROM)"]
[Result "0-1"]
[WhiteElo "2026"]
[BlackElo "2495"]

1.d4 Nf6 2.Nf3 e6 3.c4 Bb4+ 4.Nbd2 d5 5.e3 O-O 6.Bd3 dxc4 7.Bxc4 Nbd7 8.O-O b6
9.a3 Be7 10.b4 a5 11.bxa5 Rxa5 12.Bb2 Bb7 13.Qc2 Qa8 14.Be2 Rc8 15.Nc4 Ra7
16.Rfd1 Ne4 17.Qb3 Bd5 18.Qc2 c5 19.Bd3 cxd4 20.Nxd4 Nd6 21.Qc3 Nxc4 22.Nf5
Bf6 23.Ne7+ Kf8 {#R} 0-1

[Event "Oberliga Northwest 1992/93"]
[Site "masterchessopen.com Germany"]
[Round "6"]
[White "Karwatt Lothar (GER)"]
[Black "Willenberg Dirk (GER)"]
[Result "1-0"]
[WhiteElo "2145"]
[BlackElo "2098"]

1.d4 Nf6 2.c4 e6 3.Nf3 Bb4+ 4.Bd2 Qe7 5.g3 O-O 6.Bg2 Bxd2+ 7.Nbxd2 d6 8.O-O e5
9.e3 Re8 10.dxe5 dxe5 11.Qc2 e4 12.Nd4 c5 13.Nb5 Nc6 14.a3 Bf5 15.Rab1 Rad8
16.Nc3 Qe6 17.b4 cxb4 18.axb4 Bh3 19.Rfd1 Bxg2 20.Kxg2 Rc8 21.c5 {#r} 1-0

[Event "It (open)"]
[Site "masterchessopen.com Joensuu (Finland)"]
[Round "0"]
[White "Bandza Algirdas (LTU)"]
[Black "Jouhki Yrjo Markus (FIN)"]
[Result "1-0"]
[WhiteElo "2376"]
[BlackElo "2282"]

1.d4 Nf6 2.c4 e6 3.Nf3 Bb4+ 4.Nbd2 b6 5.a3 Bxd2+ 6.Bxd2 Ne4 7.Bf4 O-O 8.e3 d6
9.Bd3 Bb7 10.h4 f5 11.Bxe4 fxe4 12.Ng5 Qf6 13.Qg4 Re8 14.Nxh7 Qf5 15.Qxf5 exf5
16.Ng5 a5 17.h5 Ba6 18.h6 gxh6 19.Rxh6 Re7 20.O-O-O Nd7 21.Rg6+ Rg7 22.Rxg7+
Kxg7 23.Ne6+ {#r} 1-0

[Event "It (open)"]
[Site "masterchessopen.com Komotini (Greece)"]
[Round "0"]
[White "Georgiev Kiril (MKD)"]
[Black "Anagnostou Ioannis (GRE)"]
[Result "1-0"]
[WhiteElo "2610"]
[BlackElo "2005"]

1.d4 e6 2.c4 Nf6 3.Nf3 Bb4+ 4.Bd2 Qe7 5.g3 Nc6 6.Bg2 Bxd2+ 7.Nbxd2 d6 8.e4 e5
9.d5 Nb8 10.b4 a5 11.a3 O-O 12.O-O Na6 13.Ne1 Bd7 14.Nd3 axb4 15.axb4 c6
16.Qb3 cxd5 17.exd5 b5 18.c5 dxc5 19.bxc5 Nxc5 20.Qb4 {#r} 1-0

[Event "It (open)"]
[Site "masterchessopen.com Komotini (Greece)"]
[Round "0"]
[White "Voiska Margarita (BUL)"]
[Black "Angelis Mihail (GRE)"]
[Result "1-0"]
[WhiteElo "2336"]
[BlackElo "2224"]

1.d4 Nf6 2.c4 e6 3.Nf3 Bb4+ 4.Bd2 a5 5.g3 d5 6.Qc2 Ra6 7.a3 Bxd2+ 8.Nbxd2 dxc4
9.Qxc4 O-O 10.Bg2 Nc6 11.O-O a4 12.Rfd1 Qd5 13.Rac1 Bd7 14.Ne5 Nxe5 15.Qxa6
bxa6 16.Bxd5 exd5 17.dxe5 Ne8 18.Nf3 f6 19.Rxd5 Be6 20.Rd8 Kf7 21.exf6 {#r}
1-0

[Event "It (open)"]
[Site "masterchessopen.com Sailauf (Germany)"]
[Round "7"]
[White "Bartels Frank (GER)"]
[Black "Hofstetter Hans-Joachim Dr (GER)"]
[Result "1-0"]
[WhiteElo "2370"]
[BlackElo "2234"]

1.d4 Nf6 2.c4 e6 3.Nf3 Bb4+ 4.Nbd2 d5 5.Qa4+ Nc6 6.a3 Bxd2+ 7.Bxd2 Ne4 8.Rd1
Bd7 9.Qc2 O-O 10.e3 f5 11.Bd3 Be8 12.b4 Bh5 13.Be2 f4 14.O-O e5 15.cxd5 Nxd2
16.Rxd2 Bg6 17.Qc5 Nxd4 18.exd4 e4 19.Ne5 f3 20.Bc4 Bf5 21.d6+ Kh8 22.Qd5 Qg5
23.Qg8+ {#r} 1-0

[Event "Ch Slovenia (juniors)"]
[Site "masterchessopen.com Slovenia"]
[Round "0"]
[White "Tratar Marko (SLO)"]
[Black "Stojnic Miodrag (SLO)"]
[Result "1-0"]
[WhiteElo "2477"]
[BlackElo "2150"]

1.d4 Nf6 2.c4 e6 3.Nf3 Bb4+ 4.Bd2 Qe7 5.g3 Bxd2+ 6.Qxd2 Ne4 7.Qc2 Qb4+ 8.Nbd2
Nxd2 9.Nxd2 Nc6 10.e3 Qe7 11.Bg2 d6 12.Rc1 a5 13.O-O e5 14.c5 Bd7 15.cxd6 Qxd6
16.Nc4 Qe7 17.Nxe5 Nxe5 18.dxe5 Qxe5 19.Qxc7 Qb5 20.Bxb7 Ra7 21.Qb8+ Ke7
22.Qxa7 {#r} 1-0

[Event "Memorial P.Keres (open)"]
[Site "masterchessopen.com Vancouver (Canada)"]
[Round "2"]
[White "Gladu Pierre (CAN)"]
[Black "Berry Jonathan (CAN)"]
[Result "0-1"]
[WhiteElo "2198"]
[BlackElo "2249"]

1.d4 Nf6 2.c4 e6 3.Nf3 Bb4+ 4.Bd2 a5 5.a3 Bxd2+ 6.Qxd2 d6 7.Nc3 Nbd7 8.O-O-O
d5 9.Qf4 O-O 10.g4 dxc4 11.e4 c6 12.Bxc4 b5 13.Bd3 b4 14.Nb1 Ba6 15.h4 c5
16.Bxa6 Rxa6 17.h5 cxd4 18.g5 e5 19.Qh4 Ne8 20.Rd2 f5 21.gxf6 Raxf6 22.Rh3 Qb6
23.Qg4 Nc5 24.Ne1 bxa3 {#R} 0-1

[Event "It (cat.3)"]
[Site "masterchessopen.com Bagneux (France)"]
[Round "3"]
[White "Derieux Christian (FRA)"]
[Black "Borne Niels (FRA)"]
[Result "1-0"]
[WhiteElo "2025"]
[BlackElo "2268"]

1.d4 Nf6 2.c4 e6 3.Nf3 Bb4+ 4.Bd2 Qe7 5.g3 Nc6 6.Bg2 Bxd2+ 7.Qxd2 e5 8.d5 Nb8
9.Qg5 Qb4+ 10.Nbd2 O-O 11.Qxe5 Re8 12.Qd4 b5 13.c5 Na6 14.Rc1 d6 15.cxd6 Qxd6
16.O-O Rxe2 17.Rc6 Qe7 18.Nh4 Qb4 19.Nb3 Qxd4 20.Nxd4 Rxb2 21.d6 cxd6 22.Rxd6
{#r} 1-0

[Event "It (open)"]
[Site "masterchessopen.com Biel (Switzerland)"]
[Round "9"]
[White "Jagstaidt Patrick (SUI)"]
[Black "Cruceli Salvatore (SUI)"]
[Result "1-0"]
[WhiteElo "2089"]
[BlackElo "2121"]

1.d4 Nf6 2.c4 e6 3.Nf3 Bb4+ 4.Nbd2 O-O 5.a3 Be7 6.e4 d5 7.e5 Ne4 8.Bd3 Nxd2
9.Bxd2 dxc4 10.Bxc4 b6 11.Qc2 Bb7 12.Bd3 h6 13.Be4 Bxe4 14.Qxe4 c6 15.h4 Qd5
16.Qg4 Kh8 17.Rh3 f5 18.Qg6 f4 19.O-O-O Nd7 20.Ng5 Bxg5 21.hxg5 Qxg2 22.Rdh1
Rf5 23.Rxh6+ {#r} 1-0

[Event "It (open)"]
[Site "masterchessopen.com Caceres (Spain)"]
[Round "4"]
[White "Linan Baena Jeronimo (ESP)"]
[Black "Monmeneu Chulia Victor (ESP)"]
[Result "1-0"]
[WhiteElo "2136"]
[BlackElo "2158"]

1.d4 e6 2.Nf3 Nf6 3.c4 Bb4+ 4.Nbd2 Qe7 5.g3 O-O 6.Bg2 d6 7.a3 Bxd2+ 8.Bxd2 e5
9.dxe5 dxe5 10.Qc2 c5 11.O-O Nc6 12.e3 h6 13.Bc3 Re8 14.Rfd1 Bg4 15.Re1 Qe6
16.b3 Bh3 17.Bh1 Bf5 18.Qb2 Ne4 19.Red1 Nxc3 20.Qxc3 Rad8 21.Nh4 Bh7 22.Rd5
Rxd5 23.cxd5 {#r} 1-0

[Event "Bayern Oberliga"]
[Site "masterchessopen.com Germany"]
[Round "2"]
[White "Weinmann Stefan (GER)"]
[Black "Dobosz Henryk (POL)"]
[Result "0-1"]
[WhiteElo "2157"]
[BlackElo "2409"]

1.d4 Nf6 2.c4 e6 3.Nf3 Bb4+ 4.Bd2 Qe7 5.e3 c5 6.Nc3 O-O 7.Bd3 b6 8.a3 Bxc3
9.Bxc3 Bb7 10.Qc2 d6 11.O-O-O Nbd7 12.Rhg1 Rfc8 13.Ng5 h6 14.Ne4 cxd4 15.Nxf6+
Nxf6 16.exd4 d5 17.g4 dxc4 18.g5 cxd3 19.Rxd3 hxg5 20.Rxg5 Be4 {#R} 0-1